01633nam a2200361 a 4500001001000000003000500010005001700015008004100032010001100073011001100084040000900095090001000104100004900114245016000163260004100323500006000364502013000424590004100554590004000595590004000635590004000675650004800715650002300763650005600786700004100842856007000883901000700953942001000960942000600970999001900976952014000995952013601135000111565CHAP20220329144218.0150616s2015 mx a fsm |||||||spa d a108027 a108999 cCHAP aTesis1 aToro Jáuregui, Maritza Azucena del912945313aEl ecoturismo como oportunidad de crecimiento en el Estado de Hidalgoh[En línea]cpor Maritza Azucena del Toro Jáuregui y Pedro Alonso Ortíz Franco. aChapingo, Méx. :bEl autor,c2015. aPara ver el contenido del material haga clic en la liga aTesis (Lic. en Comercio Internacional de Productos Agropecuarios) -- UACH. División de Ciencias Económico Administrativas aE11695DGDb10c20150618lUCH01h0952 aE5995AHEb05c20150616lUCH01h1305 aE5995AHEb05c20150616lUCH01h1313 aE5995AHEb05c20150616lUCH01h131314aDesarrollo de la comunidadzHidalgo.93198214aEcoturismo.93529814aRecursos naturalesxConservaciónzHidalgo.9952641 aOrtíz Franco, Pedro Alonso9129454 aFinding aiduhttp://10.13.5.2/tesis/sist111565.pdfzTeclea aquí aBK cTESIS n0 c108027d108027 00102local4053708TESISaBCbBCcPA_TESISd2015-06-16fTESISl0oTesisp33724002503074r2019-12-31 00:00:00tc.2w2019-12-31yTESIS 00104054718TESISaBCbBCd2015-06-16fTESISl0oTesisp33724002503116r2019-12-31 00:00:00w2019-12-31yTESISzRecien adquirido